Macroeconomics in the global economy

Saved in:
Bibliografiske detaljer
Hovedforfatter: Sachs, Jeffrey (Author)
Andre forfattere: Larraín Bascuñán, Felipe (autor)
Format: Bog
Sprog:engelsk
Udgivet: Englewood Cliffs McGraw-Hill 1993
Fag:
Tags: Tilføj Tag
Ingen Tags, Vær først til at tagge denne postø!

MARC

LEADER 00000nam a2200000 a 4500
001 UCX6309
003 CL-VaPUC
008 930513e19930000US |||||||||||||||||eng|d
082 0 4 |a 339  |b SAC  |2 21 
100 0 |a Sachs, Jeffrey  |e author  |9 322737 
700 |a Larraín Bascuñán, Felipe  |e autor  |9 588048 
245 1 0 |a Macroeconomics in the global economy 
300 |a 778 p 
942 |c BK 
945 |d 19930513 00:00:00 
260 |a Englewood Cliffs  |b McGraw-Hill  |c 1993 
650 0 |a Macroeconomía   |9 260301 
583 |a last modification  |c 20120711 09:57:05  |k Rodrigo Vera 
999 |c 226343  |d 226341 
952 |0 0  |1 0  |4 0  |6 339_000000000000000_SAC_1993  |7 0  |8 A  |9 224624  |a BIBENE  |b BIBENE  |d 2019-11-15  |i 2934019  |o 339 SAC 1993  |p 2934019  |r 2025-01-15  |w 2019-11-15  |y BK  |k ICO